Fuels from sugar crops :systems study for sugarcane, sweet sorghum, and sugar beets. / (Record no. 2145)

MARC details
000 -LEADER
fixed length control field 01735cam a2200373 i 4500
001 - CONTROL NUMBER
control field 2737550
005 - DATE AND TIME OF LATEST TRANSACTION
control field 20210414114129.0
008 - FIXED-LENGTH DATA ELEMENTS--GENERAL INFORMATION
fixed length control field 780526s1978 tnua b f001 0 eng
010 ## - LIBRARY OF CONGRESS CONTROL NUMBER
LC control number 78019127
020 ## - INTERNATIONAL STANDARD BOOK NUMBER
International Standard Book Number 0870791117 :
Terms of availability $4.75
040 ## - CATALOGING SOURCE
Original cataloging agency DLC
Transcribing agency DLC
Modifying agency DLC
050 00 - LIBRARY OF CONGRESS CALL NUMBER
Classification number TP360.F82
082 00 - DEWEY DECIMAL CLASSIFICATION NUMBER
Classification number 662/.66
100 ## - MAIN ENTRY--PERSONAL NAME
Personal name Nathan, Richard A.
245 00 - TITLE STATEMENT
Title Fuels from sugar crops :systems study for sugarcane, sweet sorghum, and sugar beets. /
Statement of responsibility, etc. Richard A. Nathan, editor ; Battelle Columbus Laboratories ; prepared for the Division of Solar Technology, U.S. Department of Energy.
260 ## - PUBLICATION, DISTRIBUTION, ETC.
Place of publication, distribution, etc. Oak Ridge, Tenn. :
Name of publisher, distributor, etc. Technical Information Center, U.S. Dept. of Energy ;
Place of publication, distribution, etc. Springfield, Va. :
Name of publisher, distributor, etc. available from National Technical Information Service, U.S. Dept. of Commerce,
Date of publication, distribution, etc. 1978.
300 ## - PHYSICAL DESCRIPTION
Extent x, 137 p. :
Other physical details ill. ;
Dimensions 25 cm.
490 1# - SERIES STATEMENT
Series statement DOE critical review series
500 ## - GENERAL NOTE
General note "TID-22781."
500 ## - GENERAL NOTE
General note Includes indexes.
504 ## - BIBLIOGRAPHY, ETC. NOTE
Bibliography, etc. note Bibliography: p. 124-129.
505 ## - FORMATTED CONTENTS NOTE
Formatted contents note Contents: Introduction -- Sugarcane -- Sweet sorghum -- Sugar beets -- Energy balance -- General routes from sugar crops to fuels and chemicals -- Mircobiological conversion processes -- Acid digestion -- Thermochemical conversion processes -- Selected secondary convention products -- Principal findings.
650 #0 - SUBJECT ADDED ENTRY--TOPICAL TERM
Topical term or geographic name entry element Synthetic fuels.
650 #0 - SUBJECT ADDED ENTRY--TOPICAL TERM
Topical term or geographic name entry element Sugarcane.
650 #0 - SUBJECT ADDED ENTRY--TOPICAL TERM
Topical term or geographic name entry element Sugar beet.
650 #0 - SUBJECT ADDED ENTRY--TOPICAL TERM
Topical term or geographic name entry element Sorgo.
650 #0 - SUBJECT ADDED ENTRY--TOPICAL TERM
Topical term or geographic name entry element Energy crops.
700 1# - ADDED ENTRY--PERSONAL NAME
Personal name Nathan, Richard A.
710 2# - ADDED ENTRY--CORPORATE NAME
Corporate name or jurisdiction name as entry element Battelle Memorial Institute.
Subordinate unit Columbus Laboratories.
710 1# - ADDED ENTRY--CORPORATE NAME
Corporate name or jurisdiction name as entry element United States.
Subordinate unit Dept. of Energy.
-- Division of Solar Technology.
830 #0 - SERIES ADDED ENTRY--UNIFORM TITLE
Uniform title DOE critical review series.
906 ## - LOCAL DATA ELEMENT F, LDF (RLIN)
a 7
b cbc
c orignew
d 1
e ocip
f 19
g y-gencatlg
942 ## - ADDED ENTRY ELEMENTS (KOHA)
Source of classification or shelving scheme Library of Congress Classification
Koha item type Books
Holdings
Withdrawn status Lost status Source of classification or shelving scheme Damaged status Not for loan Home library Current library Shelving location Date acquired Total Checkouts Full call number Barcode Date last seen Copy number Price effective from Koha item type
    Library of Congress Classification     WISCONSIN INTERNATIONAL UNIVERSITY COLLEGE, GHANA - MAIN LIBRARY WISCONSIN INTERNATIONAL UNIVERSITY COLLEGE, GHANA - MAIN LIBRARY General Stacks 23/08/2012   TP360.F82 5846/12 23/08/2012 1 23/08/2012 Books

If you have any concerns or questions; kindly contact the library


© Powered by WIUC ICT DIRECTORATE